Technologie dopravy a spojů cvičení

Enregistré dans:
Détails bibliographiques
Auteur principal: Veselý, Jaroslav
Collectivité auteur: Vysoká škola ekonomická v Praze. Výrobně ekonomická fakulta
Autres auteurs: Stříž, Josef, Kroužecká, Milada
Format: Livre
Langue:tchèque
Publié: Praha Státní pedagogické nakladatelství 1983
Tags: Ajouter un tag
Pas de tags, Soyez le premier à ajouter un tag!

MARC

LEADER 00000nam a2200000 4500
001 c115607
005 20221220085814.7
041 0 |a cze 
044 |a CZ 
245 1 0 |a Technologie dopravy a spojů  |b cvičení  |c Jaroslav Veselý, Josef Stříž, Milada Kroužecká 
264 1 |a Praha  |b Státní pedagogické nakladatelství  |c 1983 
300 |a 135 s. 
100 1 |a Veselý, Jaroslav 
700 1 |a Stříž, Josef 
700 1 |a Kroužecká, Milada 
710 2 |a Vysoká škola ekonomická v Praze. Výrobně ekonomická fakulta